| 000 | 00645nam a2200241Ia 4500 | ||
|---|---|---|---|
| 008 | 160517s9999 xx 000 0 und d | ||
| 020 | _a978-007-132689-6 | ||
| 050 | _aComSc TK 5105.5 | ||
| 050 | _b.F67 2012 | ||
| 100 | _aForouzan, Behrouz A. | ||
| 245 | _aComputer networks : | ||
| 245 | _ba top - down approach / | ||
| 245 | _cBehrouz A. Forouzan, Firouz Mosharraf. | ||
| 260 | _aNew York : | ||
| 260 | _bMcGraw-Hill., | ||
| 260 | _c2012 | ||
| 300 | _a931 pages : | ||
| 300 | _bill. ; | ||
| 300 | _c24 cm. | ||
| 500 | _aIncludes bibliographical references and index. | ||
| 650 | _aComputer networks. | ||
| 650 | _xInternet. | ||
| 999 |
_c294184 _d294184 |
||